[Event "Mukachevo op"]
[Site "Mukachevo"]
[Date "2009.01.03"]
[Round "2"]
[White "Pavlov, Sergey1111"]
[Black "Chabinec, Jan"]
[Result "1-0"]
[WhiteElo "2443"]
[BlackElo "2178"]
[PlyCount "61"]
[EventDate "2009.01.03"]
[EventType "swiss (rapid)"]
[EventRounds "9"]
[EventCountry "UKR"]
[SourceTitle "CBM 128 Extra"]
[Source "ChessBase"]
[SourceDate "2009.03.05"]
[SourceVersion "2"]
[SourceVersionDate "2009.03.25"]
[SourceQuality "1"]

1. e4 c6 2. d4 d5 3. exd5 cxd5 4. c4 Nf6 5. Nc3 g6 6. cxd5 Bg7 7. Bb5+ Nbd7 8. d6 exd6 9. Qe2+ Qe7 10. Bf4 Qxe2+ 11. Bxe2 0-0 12. Bxd6 Re8 13. Nf3 a6 14. 0-0 b5 15. Rfe1 Bb7 16. Rad1 Rac8 17. Ne5 Nb6 18. Bc5 Nbd7 19. Nxd7 Nxd7 20. Bb4 Nb6 21. b3 Red8 22. Ba5 Rd6 23. Bf3 Bxf3 24. gxf3 Nd7 25. Bb4 Rxd4 26. Nd5 Rxd1 27. Ne7+ Kh8 28. Rxd1 Rd8 29. Nc6 Rc8 30. Rxd7 Rxc6 31. Rd8+ 1-0